000 00982nam a2200289 i 4500
001 000009026
003 DO-SdBNP
005 20260416085701.0
007 ta
008 090923s1976 dr b 001 p spa d
040 _aDO-SdBNP
_bspa
_cBNPHU
_erda
041 _aspa
082 4 _aRD861.44
_bA958d
_222
100 1 _aAvilés Blonda, Máximo,
_d1931-1988
_eautor
_97914
_4aut.
245 1 0 _aDel comienzo, a la mitad del camino de la vida /
_cMáximo Avilés Blonda.
264 _aSanto Domingo, República Dominicana :
_bUniversidad Autónoma de Santo Domingo,
_c1976.
300 _a309 páginas :
_bilustraciones ;
_c18 cm.
336 _atexto
_btxt
_2rdacontent
337 _asin mediación
_bn
_2rdamedia a
338 _avolumen
_bnc
_2rdacarrier
490 0 _aColección Arte y Sociedad
_v4
590 _aInventariado, 2018/LP
650 0 _aPoesía dominicana
_966
650 0 _aLiteratura dominicana.
_967
910 _aValidado. Control de calidad BNPHU
942 _2ddc
_cLBS1
999 _c8790
_d8790